| 000 | 00649nam a2200217 u 4500 | ||
|---|---|---|---|
| 005 | 20230315063931.0 | ||
| 008 | 160608s2007 ag r 000 0 spa d | ||
| 020 | _a9789505078110 | ||
| 035 | _aUPN01000211281 | ||
| 049 | _aCG | ||
| 050 | 4 |
_aLC1043 _bM8.6 2007 |
|
| 100 | 1 |
_aMüller, Marina _932154 |
|
| 245 | 1 | 0 |
_aOrientar para un mundo en transformación : _blos jóvenes entre la educación y el trbajo / _cMarina Müller. |
| 250 | _a2a ed. | ||
| 260 |
_aBuenos Aires : _bBonum, _c2007. |
||
| 300 |
_a367 p. : _bil. |
||
| 650 | 4 |
_aOrientación vocacional _95 |
|
| 650 | 4 |
_aIntereses vocacionales _95210 |
|
| 905 | _aLibro | ||
| 999 |
_c183382 _d183382 |
||